[Event "ch-GER"]
[Site "Osterburg GER"]
[Date "2006.02.08"]
[Round "6"]
[White "Reipsch,J"]
[Black "Zuse,KP"]
[Result "1-0"]
[WhiteElo "2293"]
[BlackElo "2333"]

1.e4 c5 2.Nf3 d6 3.Bb5+ Nd7 4.d4 a6 5.Bxd7+ Bxd7 6.c4 cxd4 7.Qxd4 b5 8.O-O e5
9.Qe3 Nf6 10.Rd1 bxc4 11.b3 cxb3 12.axb3 Be7 13.Ba3 Qb8 14.Nc3 a5 15.h3 h6
16.Rd2 Be6 17.Nxe5 Ra6 18.Nf3 Nd7 19.Nd5 Bd8 20.e5 dxe5 21.Re1 f6 22.Qd3 Qb7
23.Nf4 Bf7 24.Nxe5  1-0

[Event "Aeroflot Open"]
[Site "Moscow RUS"]
[Date "2006.02.10"]
[Round "3"]
[White "Wang Hao"]
[Black "Dreev,A"]
[Result "1/2-1/2"]
[WhiteElo "2593"]
[BlackElo "2697"]

1.e4 c5 2.Nf3 d6 3.Bb5+ Nc6 4.O-O Bd7 5.Re1 Nf6 6.c3 a6 7.Bxc6 Bxc6 8.d4 cxd4
9.cxd4 Bxe4 10.Nc3 d5 11.Bg5 e6 12.Nxe4 dxe4 13.Rxe4 Be7 14.Bxf6 Bxf6 15.d5 Bxb2
16.Rb1 Bf6 17.dxe6 Qxd1+ 18.Rxd1 Rd8 19.Rb1 b5 20.Rc1 Rd6 21.Rc8+ Rd8 22.Rc1 Rd6
23.Rc8+ Rd8 24.Rc1  1/2-1/2

[Event "ch-CZE"]
[Site "Brno CZE"]
[Date "2006.02.11"]
[Round "5"]
[White "Bernasek,J"]
[Black "Simacek,P"]
[Result "1/2-1/2"]
[WhiteElo "2446"]
[BlackElo "2480"]

1.Nf3 c5 2.e4 d6 3.Bb5+ Nd7 4.O-O a6 5.Bxd7+ Bxd7 6.h3 e5 7.c3 Nf6 8.d4 cxd4
9.cxd4 exd4 10.Qxd4 Be7 11.Nc3 O-O 12.Bf4 Bc6 13.Rad1 Re8 14.Rfe1 Qa5 15.Nd2 Rad8
16.Nc4 Qh5 17.Ne3 Qg6 18.Ned5 Nxd5 19.Nxd5 Bg5 20.Bxg5 Qxg5 21.Re3 Bxd5 22.Qxd5 Qxd5
23.Rxd5 Kf8 24.f3 Re5 25.Red3 Ke7 26.R5d4 f5 27.exf5 Rxf5 28.Re3+ Kd7 29.Rb4 b5
30.Rh4 h6 31.Rg4 Rf7 32.Ra3 Ra8 33.Rg6 a5 34.b4 a4 35.Rd3 Ra6 36.Rd5 Rb6
37.a3 Kc7 38.Kf2 Rd7 39.Ke2 Kc6 40.Rd4 Rb8 41.Kd3 Re8 42.Re4 Rxe4 43.fxe4 Re7
44.Kd4 Kd7 45.h4 Kc7 46.Rg3 Kd7 47.Rf3 Ke6 48.Rf5 Rb7 49.g4 g6 50.Rd5 Rf7
51.h5 Rf4 52.hxg6 Rxg4 53.Rxb5 Rxg6 54.Ra5 h5 55.Rxa4 h4 56.Ra5 Rh6 57.Rf5 h3
58.Rf1 h2 59.Rh1 Rh4 60.b5 d5 61.b6 Kd6 62.b7 Rxe4+ 63.Kd3 Kc7 64.Rxh2  1/2-1/2

[Event "ch-CUB sf"]
[Site "Santa Clara CUB"]
[Date "2006.02.11"]
[Round "7"]
[White "Pozo Vera,S"]
[Black "Quezada,Y"]
[Result "1/2-1/2"]
[WhiteElo "2369"]
[BlackElo "2501"]

1.e4 c5 2.Nf3 d6 3.Bb5+ Bd7 4.Bxd7+ Qxd7 5.O-O Nf6 6.Qe2 Nc6 7.c3 e6 8.d4 cxd4
9.cxd4 d5 10.e5 Ne4 11.Nbd2 Nxd2 12.Bxd2 Be7 13.Rac1 O-O 14.Rc2 Rac8 15.Rfc1 a6  1/2-1/2

[Event "ch-CZE"]
[Site "Brno CZE"]
[Date "2006.02.14"]
[Round "8"]
[White "Polak,T"]
[Black "Kalod,R"]
[Result "1-0"]
[WhiteElo "2485"]
[BlackElo "2502"]

1.e4 c5 2.Nf3 d6 3.Bb5+ Bd7 4.Bxd7+ Nxd7 5.O-O Ngf6 6.d3 e6 7.Nc3 Be7 8.Ng5 h6
9.Nh3 Ne5 10.f4 Nc6 11.f5 Qd7 12.fxe6 fxe6 13.Nf4 Ne5 14.Bd2 O-O 15.Qe1 g5
16.Nfe2 Kh7 17.Nd1 d5 18.Ng3 d4 19.Qe2 Bd6 20.Nf2 Qf7 21.c3 Qg6 22.b4 Rad8
23.Rab1 b6 24.bxc5 Bxc5 25.cxd4 Bxd4 26.Be3 Qg7 27.Bxd4 Rxd4 28.Rb5 Nfd7
29.Qe3 Ra4 30.h3 a6 31.Rbb1 b5 32.Rbc1 Qe7 33.Rc7 Qd6 34.Qa7 Kg6 35.Ne2 Rxa2
36.d4 Rxe2 37.dxe5 Nxe5 38.Rg7+ Kh5 39.Rxg5+ Kxg5 40.Qg7+ Ng6 41.h4+ Kf4
42.Qxh6+ Ke5 43.Qg5+ Rf5 44.exf5 exf5 45.Ng4+ Ke6 46.Qxg6+ Ke7 47.Qxf5 Qd4+
48.Kh1 Re4 49.Qg5+ Kd6 50.Rf6+ Kd7 51.Rf7+ Kc6 52.Qh6+ Kc5 53.Qc1+ Kb4 54.Nf2 Rxh4+
55.Kg1 Qc4 56.Qe1+ Ka4 57.Rf3 Qd4 58.Rd3 Qb2 59.Nd1 Qc2 60.Nc3+ Kb3 61.Ne2+ Qxd3
62.Nc1+ Kc4 63.Nxd3 Rd4 64.Ne5+ Kd5 65.Nf3 Re4 66.Qa5 Ra4 67.Qd8+ Kc4 68.g4  1-0

[Event "ch-CZE"]
[Site "Brno CZE"]
[Date "2006.02.14"]
[Round "8"]
[White "Laznicka,V"]
[Black "Stocek,J"]
[Result "1-0"]
[WhiteElo "2525"]
[BlackElo "2580"]

1.e4 c5 2.Nf3 d6 3.Bb5+ Nd7 4.d4 Nf6 5.Nc3 a6 6.Bxd7+ Nxd7 7.O-O e6 8.d5 e5
9.a4 Be7 10.Nd2 O-O 11.Nc4 Nb6 12.Ne3 Bd7 13.Nf5 Nc8 14.f4 Bf6 15.fxe5 Bxe5
16.Bf4 Bxf5 17.exf5 Bd4+ 18.Kh1 Re8 19.Qd3 Nb6 20.a5 Nd7 21.Bxd6 Ne5 22.Bxe5 Rxe5
23.Qc4 Qd6 24.Rae1 Rae8 25.Rxe5 Rxe5 26.Na4 Qxd5 27.Qxd5 Rxd5 28.Nb6 Rd8
29.Rd1 Re8 30.c3 Bf6 31.g3 Re5 32.Nc4 Rxf5 33.Rd7 Rf1+ 34.Kg2 Ra1 35.Rxb7 h5
36.Rc7 Rc1 37.Rc6 Rc2+ 38.Kf3 h4 39.Rxa6 Rxh2 40.Ra8+ Kh7 41.a6 Rh1 42.a7 Ra1
43.gxh4 Ra6 44.Na3 Bxc3 45.Nb5  1-0

[Event "TCh-BEL 2005-6"]
[Site "Belgium BEL"]
[Date "2006.02.19"]
[Round "9"]
[White "Laurent,B"]
[Black "Huizer,M"]
[Result "1-0"]
[WhiteElo "2337"]
[BlackElo "2222"]

1.e4 c5 2.Nf3 d6 3.Bb5+ Bd7 4.Bxd7+ Nxd7 5.O-O Ngf6 6.Qe2 e6 7.b3 Be7 8.Bb2 O-O
9.d4 cxd4 10.Nxd4 Nc5 11.Nd2 a6 12.f4 Qc7 13.c4 Rfd8 14.Kh1 b6 15.Rae1 Rab8
16.e5 Nfd7 17.Ba1 Qb7 18.exd6 Bxd6 19.b4 Na4 20.Nxe6 Re8 21.Qg4  1-0

[Event "US Amateur Team East"]
[Site "Parsippany USA"]
[Date "2006.02.19"]
[Round "4"]
[White "Miller,D"]
[Black "Riordan,C"]
[Result "0-1"]
[WhiteElo "2278"]
[BlackElo "2252"]

1.e4 c5 2.Nf3 d6 3.Bb5+ Bd7 4.Bxd7+ Nxd7 5.O-O Ngf6 6.Qe2 e6 7.c3 Be7 8.d4 cxd4
9.cxd4 d5 10.e5 Ne4 11.Ne1 Qb6 12.f3 Qxd4+ 13.Be3 Qxe3+ 14.Qxe3 Bc5 15.Qxc5 Nexc5
16.b4 Na4 17.Nd3 Ke7 18.Nd2 Rhc8 19.Rfc1 Rc3 20.Rxc3 Nxc3 21.Nb3 Rc8 22.a4 Ne2+
23.Kf1 Rc2 24.Ra3 Nb6 25.Ne1 Rc3 26.Kxe2 Nc4 27.Ra2 Rxb3 28.Nd3 f6 29.exf6+ gxf6
30.h4 Rb1 31.h5 Kd6 32.Rc2 b6 33.Ra2 a6 34.h6 Rh1 35.a5 bxa5 36.bxa5 Rxh6
37.Nb4 Rg6 38.Kf2 Rg7 39.Nxa6 Ra7 40.Nb4 Rxa5 41.Re2 Ra3 42.f4 Rb3 43.Nc2 e5
44.fxe5+ fxe5 45.Ne1 e4 46.Ra2 Rb2+ 47.Rxb2 Nxb2 48.Nc2 Ke5 49.Ke2 d4 50.Nb4 e3
51.Kf3 Kd6 52.g4 Kc5 53.Nc2 e2 54.Ne1 d3 55.Ke3 Kc4 56.g5 Kc3 57.Nxd3 Nxd3
58.Kxe2 Kd4 59.Kf3 Ke5 60.Kg4 Nf4 61.g6 hxg6 62.Kg5 Ke4 63.Kf6 Kf3 64.Kg5 Kg3  0-1

[Event "22nd Open"]
[Site "Cappelle la Grande FRA"]
[Date "2006.02.20"]
[Round "4"]
[White "Senff,M"]
[Black "Vorobiov,E"]
[Result "1/2-1/2"]
[WhiteElo "2471"]
[BlackElo "2543"]

1.e4 c5 2.Nf3 d6 3.Bb5+ Nd7 4.d4 Nf6 5.Nc3 a6 6.Bxd7+ Nxd7 7.O-O e6 8.dxc5 Nxc5
9.Bg5 Qc7 10.a4 Nd7 11.Nd4 Ne5 12.Re1 h6 13.Qh5 g6 14.Qh4 Bg7 15.Bc1 Bd7
16.Nde2 Rc8 17.f4 g5 18.fxg5 Qc5+ 19.Kh1 hxg5 20.Qxg5 Bf6 21.Qf4 Ke7 22.Be3 Rxh2+
23.Kg1 Rg8 24.Bxc5 Rgxg2+ 25.Kf1 dxc5 26.Ng3 Ng6 27.Qf3 Nh4 28.Nd5+ exd5
29.exd5+ Be6 30.Rxe6+ fxe6 31.d6+ Kf7 32.Qxb7+ Kf8 33.Qa8+ Kf7 34.Qb7+ Kf8
35.Qa8+ Kf7  1/2-1/2

[Event "US Amateur Team East"]
[Site "Parsippany USA"]
[Date "2006.02.20"]
[Round "6"]
[White "Gardner,L"]
[Black "Mirabile,T"]
[Result "1/2-1/2"]
[WhiteElo "2147"]
[BlackElo "2204"]

1.e4 c5 2.Nf3 d6 3.Bb5+ Bd7 4.Bxd7+ Nxd7 5.O-O Ngf6 6.Re1 e6 7.c3 Be7 8.d4 d5
9.exd5 Nxd5 10.c4 N5b6 11.b3 O-O 12.Bb2 Bf6 13.Nc3 cxd4 14.Nxd4 Nc5 15.Ne4 Nxe4
16.Rxe4 Qd7 17.Qc2 Rfd8 18.Rae1 Rac8 19.Nf3 Nd5 20.Bxf6 Nxf6 21.Rd4 Qc7 22.Red1 Rxd4
23.Nxd4  1/2-1/2

[Event "Festival de Meurthe-et-Moselle B"]
[Site "Nancy FRA"]
[Date "2006.02.21"]
[Round "3"]
[White "Julian,S"]
[Black "Carrillo,J"]
[Result "0-1"]
[WhiteElo "2178"]
[BlackElo "2175"]

1.e4 c5 2.Nf3 d6 3.Bb5+ Nc6 4.Bxc6+ bxc6 5.O-O e5 6.c3 Nf6 7.Re1 Bg4 8.h3 Bh5
9.d4 cxd4 10.cxd4 Nd7 11.Nbd2 Be7 12.Nc4 Bxf3 13.Qxf3 exd4 14.e5 dxe5 15.Nxe5 Nxe5
16.Rxe5 O-O 17.Qxc6 Bf6 18.Rd5 Qe7 19.Bf4 Qe4 20.g3 Rac8 21.Qb5 Rc2 22.Be5 Rfc8
23.Bf4 h6 24.h4 Rxf2  0-1

[Event "13th Open Metalis"]
[Site "Bizovac CRO"]
[Date "2006.02.23"]
[Round "1"]
[White "Grbesa,J"]
[Black "Doric,D"]
[Result "0-1"]
[WhiteElo "1981"]
[BlackElo "2404"]

1.e4 c5 2.Nf3 d6 3.Bb5+ Bd7 4.Bxd7+ Qxd7 5.c4 Nc6 6.Nc3 g6 7.d3 Bg7 8.Be3 Nf6
9.h3 O-O 10.a3 Ne8 11.Qd2 Nc7 12.Nh2 Nd4 13.Rd1 b5 14.O-O Rab8 15.b4 bxc4
16.bxc5 dxc5 17.dxc4 Rb3 18.Ne2 Nce6 19.Nxd4 Nxd4 20.Bxd4 Bxd4 21.Nf3 Rd8
22.Nxd4 cxd4 23.Qa5 d3 24.Rd2 e6 25.Rc1 Qd4 26.c5 Rc8 27.c6 Qxe4 28.Qxa7 Qf4
29.Qa5 Rxa3 30.Qxa3 Qxd2 31.c7 Qf4 32.g3 Qd4 33.Qa6 Rxc7 34.Rxc7 d2 35.Qc8+ Kg7
36.Rc1 d1=Q+ 37.Rxd1 Qxd1+ 38.Kh2 e5 39.Qc5 Qd4 40.Qc2 f5 41.Qc7+ Kh6 42.Qc1+ f4
43.Kg1 Kh5 44.h4 g5 45.Qc7 fxg3 46.Qxh7+ Kg4  0-1

[Event "22nd Open"]
[Site "Cappelle la Grande FRA"]
[Date "2006.02.23"]
[Round "7"]
[White "Ovetchkin,R"]
[Black "Bitalzadeh,A"]
[Result "1-0"]
[WhiteElo "2539"]
[BlackElo "2270"]

1.e4 c5 2.Nf3 d6 3.Bb5+ Nd7 4.c3 Nf6 5.Qe2 a6 6.Ba4 e5 7.O-O b5 8.Bc2 Be7
9.d4 O-O 10.Rd1 Qc7 11.dxe5 dxe5 12.a4 Rb8 13.axb5 axb5 14.c4 b4 15.Nbd2 Nh5
16.g3 g6 17.Nf1 Ng7 18.Ne3 Qb7 19.Nd5 Bd8 20.Ba4 f6 21.Bb5 Ne6 22.Bh6 Rf7
23.Ra6 Nc7 24.Nxc7 Bxc7 25.Rc6 Qa7 26.Be3 Bb6 27.Rdd6 Bb7 28.Qd1 Bxc6 29.Bxc6 Nf8
30.Bd5 Kg7 31.Bxf7 Qxf7 32.Qd5 Qxd5 33.exd5 Rb7 34.Nd2 f5 35.Kf1 Nd7 36.f3 Bd8
37.Nb3 Be7 38.Rc6 Ra7 39.d6 Bf6 40.Rc7 Rxc7 41.dxc7 Nb6 42.Nxc5 Nc8 43.Nd7  1-0

[Event "13th Open Metalis"]
[Site "Bizovac CRO"]
[Date "2006.02.24"]
[Round "4"]
[White "Nevednichy,V"]
[Black "Cebalo,M"]
[Result "1/2-1/2"]
[WhiteElo "2581"]
[BlackElo "2501"]

1.e4 c5 2.Nf3 d6 3.Bb5+ Bd7 4.Bxd7+ Qxd7 5.O-O Nf6 6.Qe2 Nc6 7.c3 e6 8.d4 cxd4
9.cxd4 d5 10.e5 Ne4 11.Be3 Be7 12.Ne1 f6 13.f3 Ng5 14.Nd3 Nf7 15.f4 f5 16.Nd2 b6
17.Nf3 O-O 18.h3 Rac8 19.g4 Nh6 20.g5 Nf7 21.Rf2 Nb4 22.Nxb4 Bxb4 23.Rg2 g6
24.h4 Rc7 25.a3 Be7 26.h5 Rfc8 27.Qd1 Bf8 28.hxg6 hxg6 29.Rc1 Rxc1 30.Bxc1 Qb5
31.Be3 a5 32.Rd2 a4 33.Kf2 Nd8 34.Kg3  1/2-1/2

[Event "13th Open Metalis"]
[Site "Bizovac CRO"]
[Date "2006.02.24"]
[Round "4"]
[White "Majeric,Z"]
[Black "Zufic,M"]
[Result "1/2-1/2"]
[WhiteElo "2301"]
[BlackElo "2406"]

1.e4 c5 2.Nf3 d6 3.Bb5+ Nd7 4.O-O a6 5.Bxd7+ Bxd7 6.d4 cxd4 7.Qxd4 e6 8.c4 Nf6
9.Nc3 Qc7 10.Bg5 Ng4 11.Rac1 Ne5 12.Qd1 h6 13.Nxe5 hxg5 14.Nxd7 Qxd7 15.Qd2 Be7
16.h3 Qc7 17.Qe2 Bf6 18.Nd1 Rh4 19.f3 Qa5 20.b3 Bd4+ 21.Nf2 Ke7 22.Rfd1 Qe5
23.Qd2 Ba7 24.b4 Qf4 25.Qxf4 gxf4 26.Kf1 a5 27.c5 dxc5 28.bxc5 Rc8 29.Nd3  1/2-1/2

[Event "22nd Open"]
[Site "Cappelle la Grande FRA"]
[Date "2006.02.24"]
[Round "8"]
[White "Gharamian,T"]
[Black "Kurnosov,I"]
[Result "1/2-1/2"]
[WhiteElo "2425"]
[BlackElo "2517"]

1.e4 c5 2.Nf3 d6 3.Bb5+ Nd7 4.d4 Nf6 5.Nc3 cxd4 6.Qxd4 e5 7.Qd3 h6 8.Be3 Be7
9.Bc4 a6 10.a4 Qa5 11.O-O Nc5 12.Bxc5 Qxc5 13.Nd5 Nxd5 14.Qxd5 Qxd5 15.Bxd5 Rb8
16.Rfd1 Be6 17.Rd3 Kd7 18.Bxe6+ Kxe6 19.Nd2 Rhd8 20.c4 b5 21.axb5 axb5 22.f3 Rdc8
23.b3 Bd8 24.Rd5 bxc4 25.Nxc4 Rc6 26.Rad1 Bb6+ 27.Nxb6 Rbxb6 28.R1d3 Rc2
29.h4 h5 30.Kh2 Rb2 31.Kh3 g6 32.g4 hxg4+ 33.Kxg4 f5+ 34.exf5+ gxf5+ 35.Kg3 e4
36.fxe4 fxe4 37.R3d4 e3 38.b4 R2xb4 39.Rxd6+ Rxd6 40.Rxb4  1/2-1/2

[Event "EU-chT Seniors"]
[Site "Dresden GER"]
[Date "2006.02.24"]
[Round "8"]
[White "Crombleholme,A"]
[Black "Taksrud,V"]
[Result "0-1"]
[WhiteElo "2104"]
[BlackElo "2087"]

1.e4 c5 2.Nf3 d6 3.Bb5+ Bd7 4.a4 g6 5.O-O Bg7 6.Re1 Bxb5 7.axb5 Nd7 8.Na3 Ngf6
9.Qe2 O-O 10.Nc4 d5 11.exd5 Nxd5 12.d3 Qc7 13.Bg5 Rfe8 14.Nfd2 a6 15.bxa6 b5
16.Ne3 Nxe3 17.Qxe3 Bxb2 18.Ra2 Bd4 19.Qe4 Qe5 20.Qxe5 Bxe5 21.Nf3 Bd6 22.d4 Nb8
23.Rea1 Nc6 24.c3 e6 25.Be3 c4 26.Nd2 f5 27.f4 Ne7 28.a7 Nd5 29.Ra6 Bf8 30.Re1 Re7
31.Bf2 Raxa7 32.Rc6 Nxf4 33.Nf3 Ra2 34.Rb1 Ne2+ 35.Kf1 Nxc3 36.Re1 Ne4 37.Bh4 Re8
38.Rb6 b4 39.Ne5 g5 40.Rxe4 fxe4 41.Bxg5 c3 42.Ng4 Bg7 43.Rxb4 Rf8+ 44.Ke1 Rxg2
45.h3 h5 46.Nh6+ Kh7  0-1

[Event "2nd Bundesliga Ost 2005-6"]
[Site "Austria AUT"]
[Date "2006.02.25"]
[Round "8"]
[White "Brandner,S"]
[Black "Wutzlhofer,R"]
[Result "1-0"]
[WhiteElo "2335"]
[BlackElo "2080"]

1.e4 c5 2.Nf3 d6 3.Bb5+ Bd7 4.Bxd7+ Qxd7 5.c4 Nc6 6.d4 cxd4 7.Nxd4 Nf6 8.Nc3 g6
9.O-O Bg7 10.Nde2 O-O 11.f3 Rac8 12.Be3 Rfe8 13.Qd2 Ne5 14.b3 a6 15.a4 Qc6
16.a5 Ned7 17.Rfd1 Nc5 18.Rab1 Qc7 19.Nd5 Nxd5 20.exd5 Nd7 21.Nd4 Ne5 22.h3 Nd7
23.Re1 Bf6 24.Re2 Bg7 25.Kh1 Nf6 26.Rbe1 Nh5 27.Kh2 Be5+ 28.f4 Bg7 29.g4 Nf6
30.Bf2 Kf8 31.Kg2 Kg8 32.Bh4 Kf8 33.f5 Qc5 34.fxg6 hxg6 35.Nf3 Qa3 36.Re3 Qc5
37.Ng5 Rc7 38.Rf3 Rcc8 39.Ref1 Kg8 40.Nxf7 Kxf7 41.g5 Kg8 42.gxf6 exf6 43.Bxf6 Rc7
44.Kh1 Rd7 45.Qg2 Qxa5 46.Bc3 Qd8 47.Qxg6 Re2 48.Rf7 Rxf7 49.Qxf7+  1-0

[Event "22nd Open"]
[Site "Cappelle la Grande FRA"]
[Date "2006.02.25"]
[Round "9"]
[White "Andreev,Ed"]
[Black "Shengelia,D"]
[Result "1-0"]
[WhiteElo "2470"]
[BlackElo "2562"]

1.e4 c5 2.Nf3 d6 3.Bb5+ Nd7 4.d4 a6 5.Bxd7+ Bxd7 6.dxc5 Qa5+ 7.Nc3 Qxc5 8.Nd5 Rc8
9.c3 e6 10.Be3 Qb5 11.Nb6 Rc7 12.a4 Qh5 13.Qd4 Bc6 14.O-O-O Qg4 15.Nd2 Nf6
16.Ndc4 Nxe4 17.f3 Qxg2 18.fxe4 Bxe4 19.Nd2 Bg6 20.Bf4 Rc6 21.Rhg1 Qh3 22.Ndc4 Qf5
23.Rxg6 hxg6 24.Bxd6 Be7 25.Bxe7 Kxe7 26.Ne3 Qc5 27.Qd7+ Kf6 28.Nbc4 Rc7
29.Rf1+ Kg5 30.Qd2 Kh6 31.b4 Qg5 32.h4 Qd8 33.Nd5+ Kh7 34.Nxc7 Qxc7 35.Qf4 e5
36.Qxf7 Rc8 37.Qxc7 Rxc7 38.Nxe5 Rxc3+ 39.Kd2 Rg3 40.Rf8 g5 41.h5 g4 42.Nf7 g5
43.h6 Rg1 44.Rh8+ Kg6 45.Ne5+ Kf5 46.h7  1-0

[Event "TCh-CZE Extraliga 2005-6"]
[Site "Czech Rep CZE"]
[Date "2006.02.25"]
[Round "8"]
[White "Holemar,D"]
[Black "Jedynak,R"]
[Result "0-1"]
[WhiteElo "2287"]
[BlackElo "2431"]

1.e4 c5 2.Nf3 d6 3.Bb5+ Bd7 4.Bxd7+ Qxd7 5.O-O g6 6.Re1 Bg7 7.e5 Nc6 8.exd6 Qxd6
9.Na3 Nf6 10.Nc4 Qc7 11.d3 O-O 12.Bg5 Nd5 13.Qc1 Nd4 14.Nxd4 cxd4 15.Bh6 Bxh6
16.Qxh6 b5 17.Ne5 Qxc2 18.h4 Nf6 19.Rac1 Qxb2 20.Rc7 Qb4 21.Rec1 Rae8 22.h5 Qd6
23.hxg6 fxg6 24.Nxg6 Ng4 25.Nxe7+ Qxe7 26.Rxe7 Nxh6 27.Rxa7 Rf7 28.Ra5 Rf5
29.a4 Ree5 30.Rc8+ Kg7 31.Rc7+ Nf7 32.Rd7 bxa4 33.Rxa4 Re1+ 34.Kh2 Rxf2 35.Raxd4 Re6
36.Kg3 Rf5 37.Rh4 Rg6+  0-1

[Event "TCh-CZE Extraliga 2005-6"]
[Site "Czech Rep CZE"]
[Date "2006.02.26"]
[Round "9"]
[White "Sosna,J"]
[Black "Zeleny,T"]
[Result "1-0"]
[WhiteElo "2414"]
[BlackElo "2244"]

1.e4 c5 2.Nf3 d6 3.Bb5+ Nd7 4.d4 cxd4 5.Qxd4 a6 6.Bxd7+ Bxd7 7.Nc3 e5 8.Qd3 h6
9.Nd2 Nf6 10.Nc4 Be6 11.Be3 Qc7 12.Nb6 Rd8 13.O-O-O Be7 14.f3 O-O 15.g4 Rfe8
16.Kb1 Bf8 17.h4 Nd7 18.Nbd5 Qa5 19.b4 Qa3 20.Bc1  1-0

[Event "TCh-CZE Extraliga 2005-6"]
[Site "Czech Rep CZE"]
[Date "2006.02.26"]
[Round "9"]
[White "Babula,M"]
[Black "Vymazal,B"]
[Result "0-1"]
[WhiteElo "2321"]
[BlackElo "2265"]

1.e4 c5 2.Nf3 d6 3.Bb5+ Nd7 4.O-O Nf6 5.Re1 a6 6.Bf1 e5 7.a4 b6 8.Bc4 h6
9.c3 Be7 10.d4 Qc7 11.dxe5 dxe5 12.Nbd2 Bb7 13.Qc2 Bc6 14.Nf1 Qb7 15.Ng3 b5
16.axb5 axb5 17.Rxa8+ Qxa8 18.Bd5 Bxd5 19.exd5 Qxd5 20.Nf5 e4 21.Nxe7 Kxe7
22.Nd2 Re8 23.Nxe4 Kf8 24.f3 Nxe4 25.Rxe4 Rxe4 26.fxe4 Qe6 27.Bf4 c4 28.Bg3 Nc5
29.e5 Nd3 30.Qe2 f6 31.Qf3 Nxe5 32.Bxe5 Qxe5 33.h3 Kf7 34.Qc6 g5 35.Kh1 h5
36.Qd7+ Kg6 37.Qc8 Qe4 38.Qg8+ Kf5 39.Qh7+ Kf4 40.Qxh5 Kg3  0-1

[Event "TCh-HUN 2005-6"]
[Site "Hungary HUN"]
[Date "2006.02.26"]
[Round "8"]
[White "Rigo,Ja"]
[Black "Videki,S"]
[Result "1-0"]
[WhiteElo "2299"]
[BlackElo "2426"]

1.e4 c5 2.Nf3 d6 3.Bb5+ Nd7 4.d4 cxd4 5.Nxd4 Nf6 6.Nc3 g6 7.f4 a6 8.Be2 Bg7
9.g4 Nc5 10.Bf3 Nxg4 11.h3 Nf6 12.Be3 O-O 13.Qd2 e5 14.Nde2 exf4 15.Bxf4 Re8
16.Ng3 Nfxe4 17.Ncxe4 Nxe4 18.Bxe4 d5 19.O-O-O Qf6 20.c3 dxe4 21.Nxe4 Qc6
22.Nd6 Rd8 23.Bg5 f6 24.Bf4 Be6 25.h4 Rd7 26.h5 g5 27.h6 Bf8 28.Qd4 Bxd6
29.Bxd6 Rf7 30.Rhf1 Qc4 31.b3 Qxd4 32.Rxd4 Re8 33.c4 Rd7 34.c5 Kf7 35.Re4 Bd5
36.Re5 Bg2 37.Rf2 Rg8 38.Ref5 Rg6 39.Rxg2 Ke6 40.Rf1 Rxh6 41.Re2+ Kf7 42.b4 Rg6
43.Rfe1 Rg7 44.a4 Kg6 45.b5 axb5 46.axb5 b6 47.Re7 bxc5 48.Rxg7+ Rxg7 49.Re7 Rg8
50.b6  1-0

[Event "Breizh Masters Women"]
[Site "Guingamp FRA"]
[Date "2006.02.27"]
[Round "2"]
[White "Bolon,K"]
[Black "Chulivska,V"]
[Result "1/2-1/2"]
[WhiteElo "2049"]
[BlackElo "2279"]

1.e4 c5 2.Nf3 d6 3.Bb5+ Bd7 4.Bxd7+ Qxd7 5.O-O Nf6 6.Qe2 Nc6 7.c3 e6 8.d4 Be7
9.Rd1 Qc7 10.d5 Nd8 11.c4 e5 12.Nc3 a6 13.a3 O-O 14.Nh4 g6 15.Bh6 Re8 16.Rd3 Bf8
17.Bxf8 Rxf8 18.Qd2 Nh5 19.Qh6 Nf4 20.Nf5 f6 21.Rg3 Re8 22.Qh4 Rf8 23.Qh6 Re8
24.Qh4  1/2-1/2

[Event "2nd ch-SCG Women"]
[Site "Tivat SCG"]
[Date "2006.02.27"]
[Round "7"]
[White "Stojanovic,An"]
[Black "Benderac,A"]
[Result "1/2-1/2"]
[WhiteElo "2193"]
[BlackElo "2302"]

1.e4 c5 2.Nf3 d6 3.Bb5+ Bd7 4.Bxd7+ Qxd7 5.O-O Nc6 6.c3 d5 7.exd5 Qxd5 8.d4 e6
9.Be3 Nf6 10.dxc5 Qxd1 11.Rxd1 Ng4 12.Bd4 e5 13.h3 exd4 14.hxg4 Bxc5 15.cxd4 Bxd4
16.Re1+ Kf8 17.Nxd4 Nxd4 18.Na3 h5 19.Rad1 Rd8 20.Nb5 Ne6 21.Rxd8+ Nxd8 22.gxh5 Rxh5
23.Nc7 Ne6 24.Nxe6+ fxe6 25.Rxe6 Rc5 26.Re2 Kf7 27.f3 Kf6 28.Kf2 Rc7 29.g4 Rd7
30.f4 Rd3 31.Rc2 g5 32.f5 Rd4 33.Kg3 Rd3+ 34.Kh2 Rd4 35.Rg2 Rd3 36.Re2 Kf7
37.Kg2 Rd4 38.Kf3 Rf4+ 39.Kg3 Rd4 40.Re3 a6 41.Rc3 Kf6 42.Rb3 b5 43.Ra3 Rd6
44.Kf3 Kf7 45.Ke4 Kf6 46.Rh3 Rd2 47.Rh6+ Kf7 48.Rxa6 Rg2 49.Kf3 Rxb2 50.Rg6 Rxa2
51.Rxg5 Ra6 52.Rh5 Rb6 53.g5 b4 54.Rh7+ Kg8 55.Rh1 b3 56.Rb1 b2 57.Ke4 Rb5
58.Kf4 Kg7 59.Ke4 Kf7 60.Kf4 Kg7  1/2-1/2

[Event "Masters"]
[Site "Bruges BEL"]
[Date "2006.02.28"]
[Round "5"]
[White "Hamelink,D"]
[Black "Maenhout,T"]
[Result "1/2-1/2"]
[WhiteElo "2181"]
[BlackElo "2303"]

1.e4 c5 2.Nf3 d6 3.Bb5+ Nc6 4.O-O Bg4 5.h3 Bh5 6.c3 a6 7.Be2 Nf6 8.d3 e6
9.Be3 Be7 10.Nbd2 d5 11.e5 Nd7 12.d4 O-O 13.Ne1 Bxe2 14.Qxe2 cxd4 15.cxd4 Qb6
16.Qg4 Kh8 17.Nd3 Rac8 18.Nf4 Nb4 19.Nf3 Rc6 20.Nh5 g6 21.Nf4 Qd8 22.h4 Rg8
23.Nh3 Qf8 24.Bg5 h6 25.Bd2 Nd3 26.b3 Qg7 27.Qg3 Bb4 28.Be3 f5 29.a3 Bc3
30.Rad1 Nb2 31.Rb1 Rgc8 32.Nf4 Nf8 33.Bc1 Ba5 34.Bxb2 Rc2 35.b4 Bd8 36.Rbc1 g5
37.Nd3 g4 38.Rxc2 Rxc2 39.Nfe1 Re2 40.Bc1 Re4 41.Nc5 Rxd4 42.Qe3 Rc4 43.Qxh6+ Kg8
44.Qxg7+ Kxg7 45.g3 Rxc1 46.Nxb7  1/2-1/2

[Event "Breizh Masters"]
[Site "Guingamp FRA"]
[Date "2006.02.28"]
[Round "3"]
[White "Picard,Ro"]
[Black "Onkoud,A"]
[Result "1/2-1/2"]
[WhiteElo "2338"]
[BlackElo "2391"]

1.e4 c5 2.Nf3 d6 3.Bb5+ Nd7 4.d4 cxd4 5.Qxd4 e5 6.Qd3 h6 7.O-O Nf6 8.Nc3 Be7
9.Be3 O-O 10.h3 Qc7 11.Bxd7 Bxd7 12.Rad1 b5  1/2-1/2

[Event "1st ONGC Cup"]
[Site "Hyderabad IND"]
[Date "2006.02.28"]
[Round "4"]
[White "Laxman,R"]
[Black "Saptarshi,R"]
[Result "0-1"]
[WhiteElo "2418"]
[BlackElo "2363"]

1.Nf3 c5 2.e4 d6 3.Bb5+ Nc6 4.O-O Bd7 5.Re1 a6 6.Bxc6 Bxc6 7.d4 cxd4 8.Nxd4 g6
9.Nxc6 bxc6 10.e5 dxe5 11.Qf3 Qd5 12.Qe2 Bg7 13.Nc3 Qd6 14.Qc4 Nf6 15.Rxe5 Ng4
16.Re4 Qxh2+ 17.Kf1 Qh1+ 18.Ke2 O-O 19.Rxg4 Rad8 20.Rh4 Qg1 21.Rb1 Bxc3 22.Qxc3 Qd1+
23.Ke3 Rd6 24.b3 Re6+ 25.Kf4 g5+ 26.Kxg5 Qd5+ 27.Kg4 Rg6+ 28.Kf4 Qg5+ 29.Kf3 Qxh4
30.g3 Qh1+ 31.Kf4 Rf6+ 32.Kg4 h5+ 33.Kg5 Kh8  0-1

[Event "Breizh Masters Women"]
[Site "Guingamp FRA"]
[Date "2006.03.02"]
[Round "6"]
[White "Bolon,K"]
[Black "Choisy,M"]
[Result "1/2-1/2"]
[WhiteElo "2049"]
[BlackElo "2152"]

1.e4 c5 2.Nf3 d6 3.Bb5+ Bd7 4.Bxd7+ Qxd7 5.O-O Nf6 6.Qe2 Nc6 7.c3 g6 8.d4 cxd4
9.cxd4 Bg7 10.Rd1 O-O 11.Nc3 Rad8 12.h3 Qc7 13.Bf4 e5 14.dxe5 dxe5 15.Be3 a6
16.Rac1 Rxd1+ 17.Rxd1 b5 18.Nd5 Qb8 19.Bg5 Nxd5 20.exd5 Nd4 21.Nxd4 exd4
22.Re1 h6 23.Be7 Re8 24.d6 Bf8 25.Qd2 Bxe7 26.Rxe7 Rxe7 27.dxe7 Qe5  1/2-1/2

[Event "1st ONGC Cup"]
[Site "Hyderabad IND"]
[Date "2006.03.02"]
[Round "7"]
[White "Rathnakaran,K"]
[Black "Srinivasa Rao,M"]
[Result "1-0"]
[WhiteElo "2408"]
[BlackElo "2244"]

1.e4 c5 2.Nf3 d6 3.Bb5+ Bd7 4.Bxd7+ Qxd7 5.c4 Nf6 6.Nc3 Nc6 7.d4 cxd4 8.Nxd4 Qg4
9.Qxg4 Nxg4 10.Nxc6 bxc6 11.b3 g6 12.Bb2 Bg7 13.h3 Nf6 14.O-O-O O-O-O 15.Rhe1 Nd7
16.Kc2 g5 17.Nd5 cxd5 18.Bxg7 Rhg8 19.Bd4 dxc4 20.Bxa7 Kb7 21.Bd4 Ra8 22.Kb2 cxb3
23.axb3 f6 24.Be3 Ra6 25.Ra1 Rga8 26.Rxa6 Rxa6 27.f3 Ne5 28.Rd1 Nc6 29.Bd2 Ra8
30.Bc3 h5 31.Rd5 h4 32.b4 Nd8 33.Kb3 Ne6 34.Rd2 Kc6 35.Bb2 Kb5 36.Rd5+ Kb6
37.Bxf6 Nc7 38.Bd4+ Kc6 39.Rxg5 Ne6 40.Rd5 Rg8 41.Bf2 Rxg2 42.Bxh4 Nf4 43.Ra5 Ng6
44.Be1 Re2 45.Bc3 Re3 46.Kc4 Rxf3 47.Ra7 e5 48.b5+ Kb6 49.Ra6+ Kc7 50.Ba5+ Kd7
51.Ra7+ Kc8 52.b6 Re3 53.Kd5 Kb8 54.Bb4 Rb3 55.Bxd6+ Kc8 56.Kc6  1-0

[Event "55th ch-BUL w"]
[Site "Svilengrad BUL"]
[Date "2006.03.02"]
[Round "2"]
[White "Draganova,P"]
[Black "Savova,S"]
[Result "1/2-1/2"]
[WhiteElo "2049"]
[BlackElo "2204"]

1.e4 c5 2.Nf3 d6 3.Bb5+ Bd7 4.Bxd7+ Qxd7 5.O-O g6 6.e5 Bg7 7.Re1 e6 8.exd6 Nc6
9.Nc3 Qxd6 10.Ne4 Qe7 11.d3 Nf6 12.Bg5 h6 13.Bxf6 Bxf6 14.Nxf6+ Qxf6 15.Nd2 O-O
16.Ne4 Qe7 17.Qd2 f5 18.Qxh6 fxe4 19.Qxg6+ Qg7 20.Qxe4 Rf6 21.Re3 Rg6 22.c3 Re8
23.Rae1 Rg4 24.Qf3 Rf8 25.Qh3 e5 26.Re4 Rg6 27.R1e3 Qf7 28.f3 Qxa2 29.Rh4 Qe6
30.Rh8+ Kf7 31.Rh7+ Ke8  1/2-1/2

[Event "Breizh Masters Women"]
[Site "Guingamp FRA"]
[Date "2006.03.03"]
[Round "8"]
[White "Le Diouron,A"]
[Black "Hrabinska,M"]
[Result "0-1"]
[WhiteElo "1983"]
[BlackElo "2225"]

1.e4 c5 2.Nf3 d6 3.Bb5+ Bd7 4.Bxd7+ Qxd7 5.O-O Nc6 6.Re1 Nf6 7.d4 cxd4 8.Nxd4 e6
9.Nc3 Be7 10.Nxc6 Qxc6 11.Qf3 O-O 12.Qg3 Nd7 13.Bh6 g6 14.Bxf8 Bxf8 15.Rad1 Rc8
16.Re3 b5 17.a3 Ne5 18.b3 Qc5 19.f4 Ng4 20.Rd3 Nxe3 21.Qxe3 Qxa3 22.Nxb5 Qa1+
23.Kf2 Rxc2+ 24.Kg3 Qf1 25.Qf3 Rxg2+ 26.Kh3  0-1